Guess The Era By The Fit - Jennie - Statistics

General Stats
  • This quiz has been taken 55 times
  • The average score is 13 of 24
Answer Stats
Picture Answer % Correct
Like Jennie
78%
Zen
74%
Kill this Love
67%
Mantra
67%
Whistle
67%
How You Like That
63%
ExtraL
59%
Ice Cream
59%
Lovesick Girl
59%
Pretty Savage
59%
Solo
59%
Spot
59%
As If It's Your Last
56%
Stay
56%
Ready For Love
52%
Shut Down
52%
You & Me
52%
Love Hangover
48%
Pink Venom
48%
Boombayah
44%
DDU-DU-DDU-DU
44%
Handlebars
44%
Playing with Fire
41%
Intro : JANE
4%
No matching quizzes found
Score Distribution
Percent of People with Each Score
Percentile by Number Answered
Your Score History
You have not taken this quiz